[Event "Wch U12"]
[Site "Batumi"]
[Date "2022.09.18"]
[Round "3"]
[White "Bozorov, Javokhir"]
[Black "Zizic, Djordje"]
[Result "1-0"]
[WhiteElo "1670"]
[BlackElo "1309"]
[PlyCount "59"]
[EventDate "2022.09.16"]
[EventType "swiss"]
[EventRounds "11"]
[EventCountry "GEO"]
[SourceTitle "EXT 2023"]
[Source "ChessBase"]
[SourceDate "2022.10.05"]
[SourceVersion "1"]
[SourceVersionDate "2022.10.05"]
[SourceQuality "1"]

1. e4 c5 2. Nf3 d6 3. d4 cxd4 4. Nxd4 Nf6 5. Nc3 a6 6. Bg5 e6 7. f4 Be7 8. Qf3 Qc7 9. 0-0-0 Nbd7 10. g4 h6 11. Bxf6 Nxf6 12. h4 b5 13. g5 hxg5 14. hxg5 Rxh1 15. Qxh1 Nd7 16. e5 Bb7 17. Qh8+ Bf8 18. Bxb5 axb5 19. Ndxb5 Qb6 20. Nxd6+ Ke7 21. Qg8 Qe3+ 22. Kb1 Bf3 23. Qxf7+ Kd8 24. Nb7+ Kc7 25. Rxd7+ Kb6 26. Qxe6+ Bc6 27. Nd5+ Kb5 28. c4+ Ka6 29. Qxc6+ Ka7 30. Nc5+ 1-0

[Event "Moscow Botvinnik Memorial Cup"]
[Site "Moscow"]
[Date "2022.08.22"]
[Round "7.4"]
[White "Kostenko, Petr"]
[Black "Bozorov, Javokhir"]
[Result "1-0"]
[WhiteElo "2397"]
[BlackElo "1670"]
[PlyCount "125"]
[EventDate "2022.08.18"]
[EventType "team-tourn"]
[EventRounds "9"]
[EventCountry "RUS"]
[SourceTitle "CBM 209 Extra"]
[Source "ChessBase"]
[SourceDate "2022.09.30"]
[SourceVersion "1"]
[SourceVersionDate "2022.09.30"]
[SourceQuality "1"]
[WhiteTeam "Kazakhstan"]
[BlackTeam "Uzbekistan"]
[WhiteTeamCountry "KAZ"]
[BlackTeamCountry "UZB"]

1. e4 c5 2. Nf3 d6 3. Bb5+ Bd7 4. Bxd7+ Qxd7 5. 0-0 Nf6 6. Re1 Nc6 7. c3 e6 8. d4 cxd4 9. cxd4 d5 10. e5 Ne4 11. Nbd2 Nxd2 12. Bxd2 Be7 13. Re3 0-0 14. Rd3 f6 15. exf6 Rxf6 16. Qe2 Bd6 17. Bg5 Rg6 18. Bh4 Rg4 19. Bg3 Bxg3 20. hxg3 Qe7 21. Re3 Re8 22. Rd1 Qf6 23. Qd3 Rf8 24. Qd2 Rd8 25. b4 a6 26. a4 Re4 27. Rd3 b6 28. Rc1 Rd6 29. Rdc3 e5 30. dxe5 Nxe5 31. Rc8+ Kf7 32. Ng5+ Kg6 33. Nxe4 dxe4 34. Qf4 Rd4 35. b5 axb5 36. axb5 Qxf4 37. gxf4 Nd7 38. g4 Rd5 39. R8c7 Kf7 40. Rb7 h6 41. Rcc7 Ke8 42. Rc4 Kd8 43. Rxe4 Nc5 44. Rb8+ Kc7 45. Ree8 Nd7 46. Rbc8+ Kb7 47. Rh8 Rxb5 48. Rcg8 Rd5 49. Rxg7 b5 50. Rxh6 b4 51. Rh3 Kc6 52. Rg6+ Kc7 53. f5 Nc5 54. Rhh6 b3 55. Rc6+ Kd7 56. Rb6 Rd2 57. Rh7+ Kc8 58. Rc6+ Kd8 59. Rxc5 b2 60. Rb5 Rd1+ 61. Kg2 b1Q 62. Rxb1 Rxb1 63. f6 1-0

[Event "Wch U08"]
[Site "Weifang"]
[Date "2019.08.24"]
[Round "4"]
[White "Bozorov, Javokhir"]
[Black "Liu, Fung Ming Mathew"]
[Result "0-1"]
[WhiteElo "1276"]
[BlackElo "1561"]
[PlyCount "62"]
[EventDate "2019.08.21"]
[EventType "swiss"]
[EventRounds "11"]
[EventCountry "CHN"]
[SourceTitle "EXT 2020"]
[Source "ChessBase"]
[SourceDate "2019.10.17"]
[SourceVersion "1"]
[SourceVersionDate "2019.10.17"]
[SourceQuality "1"]

1. e4 c5 2. Nf3 d6 3. d4 cxd4 4. Nxd4 Nf6 5. Nc3 a6 6. Bg5 e6 7. f4 Be7 8. Qf3 Nbd7 9. 0-0-0 Qc7 10. g4 b5 11. Bxf6 Nxf6 12. g5 Nd7 13. f5 e5 14. Nb3 Bxg5+ 15. Kb1 Bb7 16. h4 Bh6 17. Qh5 b4 18. Nd5 Bxd5 19. exd5 a5 20. Bb5 a4 21. Nd2 a3 22. Nc4 0-0 23. Rhg1 Kh8 24. Bxd7 Qxc4 25. Rg3 axb2 26. Rb3 Bc1 27. Bc6 Rxa2 28. Kxa2 Qa6+ 29. Ba4 Qxa4+ 30. Ra3 Qxa3+ 31. Kb1 Qa1# 0-1